ILLUSTRATED REVIEW OF AGAD TANTRA EVAM VIDHIVAIDYAKA (Record no. 34751)

MARC details
000 -LEADER
fixed length control field 00438nam a22001697a 4500
003 - CONTROL NUMBER IDENTIFIER
control field SGT
020 ## - INTERNATIONAL STANDARD BOOK NUMBER
International Standard Book Number 9789366162058
082 ## - DEWEY DECIMAL CLASSIFICATION NUMBER
Classification number 615.53
Item number I26B
100 ## - MAIN ENTRY--PERSONAL NAME
Personal name BHARDWAJ, SACHIN KUMAR
245 ## - TITLE STATEMENT
Title ILLUSTRATED REVIEW OF AGAD TANTRA EVAM VIDHIVAIDYAKA
250 ## - EDITION STATEMENT
Edition statement 1ST
260 ## - PUBLICATION, DISTRIBUTION, ETC. (IMPRINT)
Place of publication, distribution, etc NEW DELHI
Name of publisher, distributor, etc JAYPEE PUB.
Year of Publication 2026
300 ## - PAGE DESCRIPTION
No. of Pages 385
650 ## - SUBJECT ADDED ENTRY--TOPICAL TERM
Topical term or geographic name as entry element AYURVEDA
653 ## - KEYWORDS--INDEX TERM
Keyword term ILLUSTRATED ,REVIEW , AGAD TANTRA ,VIDHIVAIDYAKA
942 ## - ADDED ENTRY ELEMENTS (KOHA)
Source of classification or shelving scheme Dewey Decimal Classification
Koha item type Books
Holdings
Withdrawn status Lost status Source of classification or shelving scheme Damaged status Not for loan Collection code Home library Current library Shelving location Date acquired Vendor Name Cost, normal purchase price SGTU Bill Number Total Checkouts Full call number Accession No. (Barcode) Checked out Date last seen Date last borrowed Bill Date Koha item type Use restrictions
    Dewey Decimal Classification     AYURVEDA SGT FA-FP Library SGT FA-FP Library Text Book 30/04/2026 ABC PVT. LTD. 995.00 SGTU 22849 1 615.53 I26B FA13471 06/06/2026 23/05/2026 23/05/2026 08/04/2026 Books  
    Dewey Decimal Classification     AYURVEDA SGT FA-FP Library SGT FA-FP Library Text Book 30/04/2026 ABC PVT. LTD. 995.00 SGTU 22849 2 615.53 I26B FA13472 17/06/2026 03/06/2026 03/06/2026 08/04/2026 Books  
    Dewey Decimal Classification     AYURVEDA SGT FA-FP Library SGT FA-FP Library Text Book 30/04/2026 ABC PVT. LTD. 995.00 SGTU 22849 1 615.53 I26B FA13473 05/06/2026 22/05/2026 22/05/2026 08/04/2026 Books  
    Dewey Decimal Classification     AYURVEDA SGT FA-FP Library SGT FA-FP Library Text Book 30/04/2026 ABC PVT. LTD. 995.00 SGTU 22849 1 615.53 I26B FA13474   26/05/2026 22/05/2026 08/04/2026 Books  
    Dewey Decimal Classification     AYURVEDA SGT FA-FP Library SGT FA-FP Library Reference Book 30/04/2026 ABC PVT. LTD. 995.00 SGTU 22849   615.53 I26B FA13475   30/04/2026   08/04/2026 Books Restricted Access